000 00936 a2200157 4500
003 NUST
005 20221206140536.0
040 _cNust
082 _a158,CAR
100 _aCarnegie, Dale
245 _aHow to Stop Worrying and start living /
_cDale Carnegie
260 _aindia
_bThe Worlds Work
_c1913
300 _ax,324 p.:
505 _aFundamental Facts you Should know about Worry (Page-7), Basic Techniques in Analysis Worry (Page-37), How to break the Worry Habit Before it breaks you (Page-53), Seven ways to Cultivate A Mental Attitude that will bring you Peace and Happiness(Page-99), The Golden Rule for Conquering Worry (Page-166), How to keep from Worrying about Criticism (Page-185), Six way to prevent fatigue and worry and keep your Energy and Spirits High (Page-199), How to Find the Kind of Work in which you may be Happy and Successful (Page-235), How I Conquered Worry (Page-256).
942 _2ddc
_cBK
_k158,CAR
999 _c193812
_d193812